• 首页
  • 本馆介绍
  • 公告通知
  • 最新文献
  • 馆藏检索
  • 电子资源
  • 读者导购
  • 参考咨询
  • 我的图书馆
  • 登录
  • 详细信息显示
  • 放入我的书架
  • 预约/预借图书
  • 作者相关作品
  • 分类相关作品
  • 丛书相关作品
  • 出版社相关作品

书目信息

  • 表格格式
  • 工作单格式
  • 卡片格式
题名:
隋墓志三种
    
 
作者: 大康 临摹
分册:  
出版信息: 北京   人民教育出版社  1982
页数: 92页
开本: 25cm
丛书名:
单 册:
中图分类: J292.24 , J292.2
科图分类:
主题词: 楷书-碑帖--中国--隋代--选集 , 碑帖-楷书--中国--隋代--选集 , 书法--中国 , 篆刻--中国
电子资源:
ISBN:
000 00747nam0 2200289 45
001 0182007324
005 20040520151156.9
010    @dCNY0.94
091    @a7012.0491
100    @a19950627d1982 emky0chiy0121 ea
101 0  @achi
102    @aCN@b110000
105    @ay z 000yy
106    @ar
200 10 @a隋墓志三种@Asui mu zhi san zhong@f大康临摹
210    @a北京@c人民教育出版社@d1982
215    @a92页@d25cm
606    @a楷书-碑帖@y中国@z隋代@x选集
606    @a碑帖-楷书@y中国@z隋代@x选集
606 0  @a书法@x中国
606 0  @a篆刻@x中国
690    @aJ292.24@v3
690    @aJ292.2
701  0 @a大康@Ada kang@4临摹
801  0 @aCN@b上海图书馆@c20040520
801  2 @aCN@bNLC@c20040520
905    @f1@b220362@dJ292.2@e216
    
    隋墓志三种/大康临摹.-北京:人民教育出版社,1982
    92页;25cm
    
    
    ISBN :CNY0.94
    
●
相关链接 在E读中查询图书 在五车中查询图书 在当当中查询图书 在豆瓣中查询图书


正题名:隋墓志三种     索取号:J292.2/216         预约/预借

序号 登录号 条形码 馆藏地/架位号 状态 备注
1 0220362   001209089   第一样本阅览室/ [索取号:J292.2/216] 在馆    
唐山师范学院图书馆 欢迎您!
大连网信软件有限公司© 版权所有